| 000 | 00904cab a2200253 4500 | ||
|---|---|---|---|
| 001 | WB2945-46 | ||
| 008 | 090401t1993 xxu||||| |||| 00| 0 eng d | ||
| 035 | _a(Sirsi) u37009 | ||
| 041 | _aeng | ||
| 245 | _aMore time on council tax appeals | ||
| 260 | _c1993 | ||
| 350 | _a0 | ||
| 490 |
_aTimes _v27 November 1993, 26 |
||
| 490 |
_aIndependent _v27 November 1993, 50 |
||
| 490 |
_aDaily Telegraph _v27 November 1993, B9(2) |
||
| 520 | _aOutlines circumstances under which appeals may be lodged against council tax assessment after 30 November 1993 deadline. For further details, see "Cutting your council tax - a guide to appeals" (Council Tax Legal Services £6.25) and "Council Tax Handbook" (Child Poverty Action Group). | ||
| 650 | _aAPPEALS | ||
| 650 | _aBANDING | ||
| 650 | _aBLIGHT | ||
| 650 | _aCOUNCIL TAX | ||
| 690 | _aRATING AND VALUATION | ||
| 942 | _n0 | ||
| 948 | _c04/03/1997 | ||
| 999 |
_c23949 _d23949 |
||